000 01042nas a2200349 4500
001 BR2012007465
003 BR-BrBNA
005 20231205121250.0
007 ta
008 230509b bl.|||p| |||| 00| 00por d
040 _aBR-BrBNA
_bpor
_cBiblioteca Nacional de Agricultura
041 _a(Pt)
072 _aF08; F07
100 1 _aRodrigues, G.B.
100 1 _aSá, M.E. de
100 1 _aValério Filho, W.V.
100 1 _aBuzetti, S.
100 1 _aBertolin, D.C.
100 1 _aPina, T.P.
245 1 _aMatéria e nutrientes da parte aérea de adubos verdes em cultivos exclusivo e consorciado
650 _aLEGUMINOSA FORRAGEIRA
650 _aMILHETO
650 _aADUBO VERDE
650 _aPARTE AÉREA
650 _aCONSORCIAÇÃO DE CULTURA
650 _aCOBERTURA DO SOLO
650 _aMATÉRIA SECA
650 _aPRODUÇÃO VEGETAL
773 0 _tRevista Ceres (Brazil)
_xISSN 0034-737X
_g(May-Jun 2012), v. 59(3) p. 380-385
_wBR2012007465
909 _a202311
_bLúcia
_c55
_dLúcia Elande
942 _2AGRIS
_n0
_cANA
999 _c222635
_d222635